| 000 | 01017naa a22002897a 4500 | ||
|---|---|---|---|
| 001 | BR6005262 | ||
| 003 | BR-BrBNA | ||
| 005 | 20240918172908.0 | ||
| 007 | ta | ||
| 008 | 230509b bl.||||| |||| 00| 0 por d | ||
| 040 |
_aBR-BrBNA _bpor _cBiblioteca Nacional de Agricultura |
||
| 041 | _a(Pt) | ||
| 072 | _aP10 | ||
| 090 | _aP10 BR6005262 | ||
| 100 | 1 | _aSauzay, G. | |
| 111 | 1 |
_a1. Seminario de Hidrologeologia _cPorto Alegre, RS (Brazil) _d7 Aug 1972 |
|
| 245 | 1 | _aAplicacao de tecnicas de isotopos do meio abiente para estudos de agua subterranea | |
| 260 | 3 |
_aPorto Alegre, RS (Brasil): _c1972. |
|
| 500 | _aAnais do 1. Seminario de Hidrogeologia Porto Alegre, RS (Brasil): 1972. p. 118-166 (BR6005262-AM)P10 | ||
| 650 | _aRECURSO HIDRICO | ||
| 650 | _aAGUAS SUBTERRANEAS | ||
| 650 | _aHIDROLOGIA | ||
| 650 | _aISOTOPO | ||
| 773 | 0 |
_tAnais do 1. Seminario de Hidrogeologia _wP10 BR6005262 _gPorto Alegre, RS (Brasil), 1972. p. 118-166 |
|
| 909 |
_a202404 _bLucia _c55 _dLucia Elande |
||
| 942 |
_cAM _2AGRIS |
||
| 999 |
_c301953 _d301953 |
||